Stand by Me quiz - Statistics

General Stats
  • This quiz has been taken 157 times
  • The average score is 10 of 20
Answer Stats
Hint Answer % Correct
Which actor starred as Chris Chambers? River Phoenix
91%
Who wrote the original novella, "The Body", on which the movie was based? Stephen King
79%
When the boys got out of the pond, what were they covered in? Leeches
75%
Which actor starred as Teddy Duchamp? Corey Feldman
71%
Which actor starred as Gordie Lachance? Wil Wheaton
64%
In which famous battle of WWII did Teddy's dad fight? D-Day
62%
What kind of business did Old Man Pressman own? Junkyard
57%
What happened to Gordie's older brother (played by John Cusack)? Died in a Jeep accident
55%
How did Chris die? (the narrator explained how it happened) Stabbed in the neck while trying to break up a fight
52%
At the end of his turn on guard, what kind of animal did Gordie see? Deer
50%
Which actor starred as Vern Tessio? Jerry O'Connell
45%
What prized possession did Ace Merrill (Kiefer Sutherland) steal from Gordie? Yankees baseball cap
45%
Vern buried something under his porch and his mom threw away the map he had made to find it. What did he bury? Jar of pennies
44%
Who narrated the movie (as a grown up Gordie, credited as "The Writer")? Richard Dreyfuss
44%
Which cartoon character did the boys wonder about its species? Goofy
43%
What was the name of Old Man Pressman's dog? Chopper
39%
What was Chris' older brother's nickname? Eyeball
38%
Which food did Vern choose if he could only have one food for the rest of his life? Cherry-flavored Pez
36%
What was the name of the dead kid they went looking for? Ray Brower
29%
Complete the Ace quote: "Better start runnin', Eyeball. They got ____." Dibs
21%
No matching quizzes found
Score Distribution
Percent of People with Each Score
Percentile by Number Answered
Your Score History
You have not taken this quiz